00229nam a2200097Ia 4500008004100000041000800041082001500049100002200064245003600086260000900122240625s9999 xx 000 0 und d aeng a658.15 HOR aHORNE JAMES C VAN aFINANCIAL MANAGEMENT AND POLICY c2005